The coconut odyssey : the bounteous possibilities of the tree of life /
Saved in:
| Main Author: | |
|---|---|
| Corporate Author: | |
| Format: | eBook |
| Language: | English |
| Published: |
Canberra :
Australian Centre for International Agricultural Research,
2003.
|
| Series: | ACIAR monograph series ;
no. 101. |
| Subjects: | |
| Online Access: | Access electronic version Access full text http://www.aciar.gov.au/web.nsf/doc/ACIA-5LN8VF http://pandora.nla.gov.au/pan/24768/20030915/www.aciar.gov.au/web.nsf/doc/ACIA-5LN8VF.html |
| LEADER | 02120cam a2200529 a 4500 | ||
|---|---|---|---|
| 001 | c000380215 | ||
| 003 | CARM | ||
| 005 | 20110321124200.0 | ||
| 007 | cr cn nnnauumu | ||
| 008 | 110321s2003 acaa b 000 0 eng d | ||
| 019 | 1 | |a 24510545 |5 LACONCORD2021 | |
| 020 | |a 1863203699 | ||
| 020 | |a 1863203702 (Online) | ||
| 035 | |a (OCoLC)52253297 |5 LACONCORD2021 | ||
| 040 | |a QS:TCP |b eng |c VCAV |d VVUT | ||
| 042 | |a anuc | ||
| 050 | 4 | |a SB401.C6 |b F62 2003 | |
| 070 | 0 | |a SB401.C6 |b F62 2003 | |
| 072 | 0 | |a F110 | |
| 072 | 0 | |a Q005 | |
| 072 | 0 | |a S200 | |
| 082 | 0 | 4 | |a 630.994 |2 21 |
| 082 | 0 | 4 | |a 634.616 |2 21 |
| 082 | 0 | 4 | |a 634.61 |2 22 |
| 100 | 1 | |a Foale, Mike. | |
| 245 | 1 | 4 | |a The coconut odyssey : |b the bounteous possibilities of the tree of life / |c Mike Foale. |
| 246 | 3 | 0 | |a Bounteous possibilities of the tree of life |
| 260 | |a Canberra : |b Australian Centre for International Agricultural Research, |c 2003. | ||
| 300 | |a 132 p. : |b col. ill. ; |c 21 cm. | ||
| 490 | 1 | |a ACIAR monograph series ; |v no. 101. | |
| 504 | |a Includes bibliographical references. | ||
| 530 | |a Also available online via the World Wide Web. | ||
| 540 | |a Copyright Australian Centre for International Agricultural Research. | ||
| 650 | 0 | |a Coconut palm. | |
| 650 | 0 | |a Coconut oil. | |
| 650 | 0 | |a Coconut. | |
| 710 | 2 | |a Australian Centre for International Agricultural Research. | |
| 830 | 0 | |a ACIAR monograph series ; |v no. 101. | |
| 856 | |z Access electronic version |u http://www.aciar.gov.au/web.nsf/doc/ACIA-5LN8VF/$file/Mono101.pdf | ||
| 856 | 4 | 1 | |z Access full text |u http://www.aciar.gov.au/web.nsf/att/JFRN-6BN9A4/$file/mono101.pdf |
| 856 | 4 | 1 | |u http://www.aciar.gov.au/web.nsf/doc/ACIA-5LN8VF |
| 856 | 4 | 1 | |u http://pandora.nla.gov.au/pan/24768/20030915/www.aciar.gov.au/web.nsf/doc/ACIA-5LN8VF.html |
| 852 | 8 | |b CARM |p 0572450 |f BK | |
| 852 | 8 | |b SCAN |h A3:AI17E0 |i F07954 |p 0572450 |f BK | |
| 999 | f | f | |i f50c7b22-fd32-5662-bb7d-f8e58741b7ac |s 614bdf72-eb69-5320-b22b-1a7dd53c55c6 |
| 952 | f | f | |p Can circulate |a CAVAL |b CAVAL |c CAVAL |d CARM 1 Store |i book |m 0572450 |
| 952 | f | f | |a CAVAL |b CAVAL |c CAVAL |d Unmapped Location |e F07954 |f A3:AI17E0 |h Other scheme |